000 02062nam a22002537a 4500
003 NALT
005 20251125233125.0
008 s2558 th o tha d
020 _a9786163990372
040 _aNALT
086 _aสผ 55 7.3 214 2558
090 _aAA 560.T52
_bส226ส 2558
110 2 _aสำนักงานเลขาธิการสภาผู้แทนราษฎร ปฏิบัติหน้าที่สำนักงานเลขาธิการสภาปฏิรูปแห่งชาติ
_91766
245 1 0 _aสภาปฏิรูปแห่งชาติ วาระพัฒนาที่ 4 :
_bระบบค่านิยม คุณธรรม จริยธรรม เพื่อความเป็นพลเมืองที่ดีและมนุษย์ที่สมบูรณ์ /
_cสำนักงานเลขาธิการสภาผู้แทนราษฎร ปฏิบัติหน้าที่สำนักงานเลขาธิการสภาปฏิรูปแห่งชาติ.
260 _aกรุงเทพฯ :
_bสำนักการพิมพ์ สำนักงานเลขาธิการสภาผู้แทนราษฎร,
_c2558.
300 _a86 หน้า :
_bภาพประกอบ, ตาราง ;
_c30 ซม.
610 2 4 _aคณะกรรมาธิการปฏิรูปค่านิยม ศิลปะ วัฒนธรรม จริยธรรมและการศาสนา สภาปฏิรูปแห่งชาติ
_xรายงาน
_915423
650 4 _aค่านิยมสังคม
_92240
_xนโยบายของรัฐ
650 4 _aจริยธรรมทางสังคม
_915422
_xนโยบายของรัฐ
850 _aNALT
856 4 0 _uhttps://hdl.handle.net/20.500.14156/454661
942 _cPAR
_2local
999 _c74346
_d74346
998 _j104
_k นางสาวสายฝน ดีงาม